The New Construction Act came into force in England on 1 October 2011 (Record no. 113029)

MARC details
000 -LEADER
fixed length control field 01505cad a22002655a 4500
001 - CONTROL NUMBER
control field L154524
008 - FIXED-LENGTH DATA ELEMENTS--GENERAL INFORMATION
fixed length control field 111218s2011 xxkqr p 0 a0eng u
035 ## - SYSTEM CONTROL NUMBER
System control number (Sirsi) u154524
041 0# - LANGUAGE CODE
Language code of text/sound track or separate title eng
100 1# - MAIN ENTRY--PERSONAL NAME
Personal name Clinton, Mark
110 2# - MAIN ENTRY--CORPORATE NAME
Corporate name or jurisdiction name as entry element Thomas Eggar LLP
245 04 - TITLE STATEMENT
Title The New Construction Act came into force in England on 1 October 2011
Medium [electronic resource]
260 ## - PUBLICATION, DISTRIBUTION, ETC.
Place of publication, distribution, etc. [S.l.]
Name of publisher, distributor, etc. Thomas Eggar
Date of publication, distribution, etc. 2011
520 ## - SUMMARY, ETC.
Summary, etc. Construction contracts entered into on or after 1 October 2011 are required to comply with a new set of payment rules and procedures, and adjudications under those contracts will be subject to new statutory provisions. Emphasises the likely need to review internal procedures and update standard notices and contract terms with special mention of the 2011 JCT documents; changes to payment procedures and adjudication.
590 ## - LOCAL NOTE (RLIN)
Local note KA NTK
650 24 - SUBJECT ADDED ENTRY--TOPICAL TERM
Topical term or geographic name entry element HOUSING GRANTS, CONSTRUCTION AND REGENERATION ACT 1996
650 24 - SUBJECT ADDED ENTRY--TOPICAL TERM
Topical term or geographic name entry element LOCAL DEMOCRACY, ECONOMIC DEVELOPMENT AND CONSTRUCTION ACT 2009
651 #4 - SUBJECT ADDED ENTRY--GEOGRAPHIC NAME
Geographic name England and Wales
Chronological subdivision 1543-
690 ## - LOCAL SUBJECT ADDED ENTRY--TOPICAL TERM (OCLC, RLIN)
Topical term or geographic name as entry element BUILT ENVIRONMENT-CONSTRUCTION MANAGEMENT-BUILDING CONTRACT ADMINISTRATION
690 ## - LOCAL SUBJECT ADDED ENTRY--TOPICAL TERM (OCLC, RLIN)
Topical term or geographic name as entry element Procurement
9 (RLIN) 6260
690 ## - LOCAL SUBJECT ADDED ENTRY--TOPICAL TERM (OCLC, RLIN)
Topical term or geographic name as entry element BUILT ENVIRONMENT-BUILDING CONTRACT FORMS-STANDARD FORMS OF BUILDING CONTRACT
700 1# - ADDED ENTRY--PERSONAL NAME
Personal name Evans, Rebecca
856 40 - ELECTRONIC LOCATION AND ACCESS
Uniform Resource Identifier <a href="https://www.mondaq.com/x/154846/Contracts+Deeds/Dilapidations+Protocol+Formal+Adoption+Under+Court+Rules&email_access=on">https://www.mondaq.com/x/154846/Contracts+Deeds/Dilapidations+Protocol+Formal+Adoption+Under+Court+Rules&email_access=on</a>
Public note View the article free of charge at www.mondaq.com
942 ## - ADDED ENTRY ELEMENTS (KOHA)
Suppress in OPAC 0
Holdings
Withdrawn status Lost status Source of classification or shelving scheme Damaged status Not for loan Home library Current library Shelving location Date acquired Total Checkouts Full call number Barcode Date last seen Copy number Price effective from Koha item type
    Dewey Decimal Classification     Virtual Virtual Online 18/12/2011   ONLINE PUBLICATION 154524-2001 06/08/2019 1 06/08/2019 Book